Symbole żywiołów - Nagła śmierć - Statistics

General Stats
  • This quiz has been taken 4 times
  • The average score is 2 of 20
Answers on the Grid
Answers color-coded by a green-red scale on the quiz's grid according to % correct below.
Ad
Bz
Cf
D
Dr
E
Er
Fl
He
Hn
It
Kp
Kr
Lm
Lu
Mn
Nc
No
Nv
Og
Pa
Pe
Pi
Po
Pu
Ro
Sc
Sl
Sm
Sn
Th
Ur
V
Vb
W
Wf
Xe
Yb
Yt
Zc
 
Answer Stats
Answer % Correct
Og
100%
Sc
33%
Sn
33%
W
33%
Cf
0%
Er
0%
Fl
0%
He
0%
Kr
0%
Lu
0%
Mn
0%
No
0%
Pa
0%
Po
0%
Pu
0%
Sm
0%
Th
0%
V
0%
Xe
0%
Yb
0%
No matching quizzes found
Score Distribution
Percent of People with Each Score
Percentile by Number Answered
Your Score History
You have not taken this quiz